Storage of petroleum -spirit (Record no. 2229)

000 -LEADER
fixed length control field 00371nam a22001457a 4500
008 - FIXED-LENGTH DATA ELEMENTS--GENERAL INFORMATION
fixed length control field 200218b ||||| |||| 00| 0 eng d
082 00 - DEWEY DECIMAL CLASSIFICATION NUMBER
Classification number 665.5
Item number W348
100 ## - MAIN ENTRY--PERSONAL NAME
9 (RLIN) 1810
Personal name Watts, H. E.
245 10 - TITLE STATEMENT
Title Storage of petroleum -spirit
260 ## - PUBLICATION, DISTRIBUTION, ETC. (IMPRINT)
Place of publication, distribution, etc London
Name of publisher, distributor, etc Charles griffin
Date of publication, distribution, etc 1951
300 ## - PHYSICAL DESCRIPTION
Extent 320p.
365 ## - TRADE PRICE
Unit of pricing 18.00
650 #0 - SUBJECT ADDED ENTRY--TOPICAL TERM
Topical term or geographic name as entry element Petroleum Storage
942 ## - ADDED ENTRY ELEMENTS (KOHA)
Item type Books
Holdings
Withdrawn status Lost status Source of classification or shelving scheme Damaged status Not for loan Permanent location Current location Date acquired Full call number Barcode Date last seen Koha item type
          IMU Kolkata IMU Kolkata 1954-02-22 W348 01827 2020-02-18 Books
Designed and Maintained by IMU-KC Library, Kolkata Campus © Copyright All Rights Reserved

webs counters

Powered by Koha